Teória rizík
Prehľad metód zameraných na analýzu a hodnotenie rizík v podnikovej praxi. Algoritmus, z ktorého vychádza väčšina najčastejšie používaných metód posudzovania, resp. riadenia podnikových rizík.
Enregistré dans:
| Auteur principal: | |
|---|---|
| Autres auteurs: | |
| Format: | Chapitre de livre |
| Langue: | slovaque |
| Sujets: | |
| Tags: |
Pas de tags, Soyez le premier à ajouter un tag!
|
MARC
| LEADER | 00000naa$a2200000$$$4500 | ||
|---|---|---|---|
| 001 | 0250413 | ||
| 005 | 20240502074020.6 | ||
| 041 | 0 | |a slo | |
| 044 | |a SK | ||
| 245 | 1 | 0 | |a Teória rizík |c Lenka Štofová, Petra Szaryszová |
| 520 | |a Prehľad metód zameraných na analýzu a hodnotenie rizík v podnikovej praxi. Algoritmus, z ktorého vychádza väčšina najčastejšie používaných metód posudzovania, resp. riadenia podnikových rizík. | ||
| 610 | 2 | 0 | |a riziko |
| 610 | 2 | 0 | |a riziko obchodné |
| 610 | 2 | 0 | |a metódy kvantitatívne |
| 610 | 2 | 0 | |a podnik |
| 610 | 2 | 0 | |a teória riadenia |
| 100 | 1 | |a Štofová, Lenka, 1989- | |
| 700 | 1 | |a Szaryszová, Petra, 1984- | |